[Event "9th Ugra Governor's Cup"]
[Site "Khanty-Mansiysk RUS"]
[Date "2013.11.28"]
[Round "1.9"]
[White "Matinian,N"]
[Black "Korneev,O"]
[Result "1-0"]
[WhiteElo "2481"]
[BlackElo "2637"]

1.e4 c5 2.Nf3 e6 3.d4 cxd4 4.Nxd4 a6 5.Nc3 Qc7 6.Bd3 Nc6 7.Nxc6 dxc6 8.O-O e5
9.f4 Nf6 10.f5 b5 11.Qf3 Bb7 12.a4 c5 13.axb5 c4 14.Be2 axb5 15.Rxa8+ Bxa8
16.Kh1 b4 17.Nd5 Bxd5 18.exd5 e4 19.Qf2 Bd6 20.Qh4 c3 21.Bb5+ Kf8 22.Bc6 cxb2
23.Bxb2 Be5 24.Ra1 Ke7 25.Qf2 Ng4 26.Qc5+ Bd6 27.Qd4 Be5 28.d6+ Qxd6 29.Ra7+ Kf8
30.Qxd6+ Bxd6 31.Ra8+ Ke7 32.Rxh8 Bc5 33.g3 Kd6 34.Bb5 Nf2+ 35.Kg2 Nd1 36.Rd8+  1-0

[Event "5th Pilsen Open 2013"]
[Site "Plzen CZE"]
[Date "2013.11.29"]
[Round "6"]
[White "Grove,Michael"]
[Black "Sargsjan,K"]
[Result "1/2-1/2"]
[WhiteElo "2078"]
[BlackElo "1962"]

1.e4 c5 2.Nc3 e6 3.Nf3 a6 4.d4 cxd4 5.Nxd4 b5 6.a3 Bb7 7.Bd3 Qc7 8.Qe2 Nf6
9.O-O Be7 10.Nb3 d6 11.f4 Nbd7 12.Bd2 Nc5 13.Rae1 Nxd3 14.cxd3 O-O 15.Rc1 Qd8
16.d4 Rc8 17.e5 Nd5 18.Ne4 Rxc1 19.Rxc1 Nb6 20.Ba5 dxe5 21.fxe5 Qd5 22.Bxb6 Qxe4
23.Qxe4 Bxe4 24.Nc5 Bg5 25.Rc3 Bd5 26.Nxa6 f6 27.exf6 Bxf6 28.Nc7 Bc4 29.Rf3 Rb8
30.Bc5 Rc8 31.Na6 Be2 32.Re3 Bc4 33.Kf2 Kf7 34.Nb4 e5 35.dxe5 Rxc5 36.exf6 Kxf6
37.Re4 Re5 38.Ke3 Rh5 39.h3 Rg5 40.g4 Re5 41.Nc6 Rxe4+ 42.Kxe4 Bf1 43.Kf4 Bxh3
44.b3 Bg2 45.Nd4 g5+ 46.Ke3 Bd5 47.a4 bxa4 48.bxa4 Kg6 49.Nf5 Bb7 50.Nd6 Ba6
51.a5  1/2-1/2

[Event "TCh-AUT 2nd West 2013-14"]
[Site "Austria AUT"]
[Date "2013.11.30"]
[Round "4.3"]
[White "Blaas,H"]
[Black "Menacher,M"]
[Result "1-0"]
[WhiteElo "2259"]
[BlackElo "2275"]

1.e4 c5 2.Nf3 e6 3.d4 cxd4 4.Nxd4 a6 5.Nc3 Qc7 6.Bd3 Nf6 7.O-O d6 8.Be3 Be7
9.a4 b6 10.Qe2 O-O 11.f4 Bb7 12.g4 Nc6 13.g5 Nxd4 14.Bxd4 Nd7 15.Qh5 e5 16.Be3 exf4
17.Rxf4 g6 18.Qh6 f6 19.Nd5 Bxd5 20.exd5 Ne5 21.gxf6 Bxf6 22.Raf1 Bg7 23.Qh3 Rxf4
24.Rxf4 Re8 25.Bxa6 Qxc2 26.Bb5 Re7 27.Rf2 Qc7 28.Bg5 Rf7 29.Qe6 Qc5 30.Bh4 Kh8
31.Kg2 Qc7 32.Rxf7 Qxf7 33.Qxf7 Nxf7 34.Bf2  1-0

[Event "2nd Hyderabad GM Open 2013"]
[Site "Hyderabad IND"]
[Date "2013.12.01"]
[Round "8.14"]
[White "Baghdasaryan,V"]
[Black "Hayrapetyan,Ho"]
[Result "1/2-1/2"]
[WhiteElo "2393"]
[BlackElo "2472"]

1.e4 c5 2.Nf3 e6 3.d4 cxd4 4.Nxd4 a6 5.Nc3 Qc7 6.Be2 Nc6 7.O-O Nf6 8.Kh1 Be7
9.f4 d6 10.Be3 O-O 11.Qe1 Nxd4 12.Bxd4 b5 13.a3 Bb7 14.Bd3 Nd7 15.Qg3 Bf6
16.Bxf6 Nxf6 17.Rad1 Nd7 18.Qh3 Nc5 19.f5 exf5 20.exf5 f6 21.b4 Nxd3 22.Qxd3 Qc6
23.Nd5 Qxd5 24.Qxd5+ Bxd5 25.Rxd5 Rfc8 26.Rxd6 Rxc2 27.h3  1/2-1/2

[Event "XXVII Belgrade Trophy"]
[Site "Obrenovac SRB"]
[Date "2013.12.01"]
[Round "8.1"]
[White "Vucinic,G"]
[Black "Tosic,M"]
[Result "1/2-1/2"]
[WhiteElo "2294"]
[BlackElo "2404"]

1.e4 c5 2.Nf3 e6 3.d4 cxd4 4.Nxd4 a6 5.Nc3 d6 6.Be3 b5 7.a3 Bb7 8.Bd3 Nd7
9.f4 Nc5 10.Qf3 Nf6 11.O-O-O Nxd3+ 12.cxd3 h5 13.h3 Rc8 14.Kb1 h4 15.g4 hxg3
16.Qxg3 Qd7 17.Rhe1 Rh5 18.f5 e5 19.Nb3 Rxc3 20.bxc3 Qc7 21.Bc1 Qxc3 22.Nd2 Nxe4
23.Nxe4 Bxe4 24.Bb2 Qb3 25.f6 gxf6 26.Qg4 Bxd3+ 27.Ka1 Bc4 28.Qc8+  1/2-1/2

[Event "14th Puhajarve Rapid"]
[Site "Puhajarve EST"]
[Date "2013.12.01"]
[Round "29.5"]
[White "Haavamae,Henrik"]
[Black "Kulaots,K"]
[Result "0-1"]
[WhiteElo "2023"]
[BlackElo "2567"]

1.e4 c5 2.Nf3 e6 3.d4 cxd4 4.Nxd4 a6 5.Nc3 Qc7 6.Bd3 Nf6 7.O-O Bc5 8.Be3 d6
9.Qe2 O-O 10.Rad1 e5 11.Nb3 Bxe3 12.Qxe3 Be6 13.f4 Ng4 14.Qg3 exf4 15.Rxf4 Ne5
16.Nd4 Qb6 17.Qf2 Nbc6 18.Nxe6 Qxf2+ 19.Rxf2 fxe6 20.Rdf1 Rxf2 21.Rxf2 Rf8
22.Rd2 Kf7 23.Be2 Ke7 24.Nd1 Nb8 25.Nf2 Nbd7 26.Ng4 Nxg4 27.Bxg4 Ne5 28.Be2 g6
29.Bd1 Nc4 30.Rd4 Nxb2 31.Be2 Rc8 32.Rb4 Rxc2 33.Rxb7+ Kf6 34.Bxa6 Nd1 35.a4 Nc3
36.a5 Ra2 37.Rxh7 Nxe4 38.h4 Rxa5 39.Bd3 Ra1+ 40.Kh2 Nf2 41.Bc2 Ng4+ 42.Kg3 Ne3
43.Bd3 Ra3 44.Kf4 Rxd3  0-1

[Event "ch-IRI 2013"]
[Site "Tabriz IRI"]
[Date "2013.12.01"]
[Round "6.7"]
[White "Khodashenas,M"]
[Black "Faghirnavaz,A"]
[Result "1-0"]
[WhiteElo "2182"]
[BlackElo "2284"]

1.e4 c5 2.Nf3 e6 3.d4 cxd4 4.Nxd4 a6 5.Nc3 Qc7 6.f4 d6 7.Bd3 b5 8.Qe2 Nd7
9.O-O Bb7 10.Kh1 Ngf6 11.Bd2 h5 12.Nf3 h4 13.Ng5 Nc5 14.a3 Be7 15.b4 Nxd3
16.cxd3 d5 17.Rac1 Qd7 18.e5 Ng8 19.f5 Bxg5 20.fxe6 Qxe6 21.Bxg5 h3 22.d4 Rc8
23.g3 Rc4 24.Qe3 Rh5 25.Bf4 Ne7 26.Ne2 Qg4 27.e6 f6 28.Rce1 Rf5 29.Kg1 g5
30.Bd6 Rxf1+ 31.Rxf1 Rc2 32.Nc3 Rg2+ 33.Kh1 Rc2 34.Qd3 Rxc3 35.Qxc3 Nf5 36.Qd3 Nxd6
37.Qg6+ Kd8 38.Qxf6+ Kc8 39.Qf8+ Kc7 40.Qe7+ Kc6 41.Rc1+  1-0

[Event "ch-IRI 2013"]
[Site "Tabriz IRI"]
[Date "2013.12.01"]
[Round "7.9"]
[White "Asgarizadeh,A"]
[Black "Faghirnavaz,A"]
[Result "1-0"]
[WhiteElo "2267"]
[BlackElo "2284"]

1.e4 c5 2.Nf3 e6 3.d4 cxd4 4.Nxd4 a6 5.Nc3 Qc7 6.Be2 b5 7.O-O Bb7 8.Re1 d6
9.a4 b4 10.Na2 Nf6 11.Nxb4 d5 12.Nxd5 exd5 13.exd5 Bc5 14.d6 Bxd6 15.Bf3+ Kf8
16.Bxb7 Qxb7 17.Nf5 Bc7 18.b3 Nc6 19.Ba3+ Kg8 20.Qf3  1-0

[Event "ch-IRI 2013"]
[Site "Tabriz IRI"]
[Date "2013.12.01"]
[Round "7.15"]
[White "Moghaddamian,A"]
[Black "Naderi,A"]
[Result "1-0"]
[WhiteElo "2152"]
[BlackElo "2163"]

1.Nc3 c5 2.e4 e6 3.Nf3 a6 4.d4 cxd4 5.Nxd4 Qc7 6.Be2 Nf6 7.a3 Be7 8.O-O O-O
9.Be3 d6 10.f4 Nbd7 11.Bf3 Nb6 12.Qd3 Nc4 13.Bc1 Bd7 14.b3 Na5 15.Bb2 Rac8
16.Kh1 Nc6 17.Rad1 Rfd8 18.Nde2 b5 19.b4 Be8 20.Qe3 Bf8 21.Ng3 Qb8 22.Nce2 e5
23.Nf5 exf4 24.Qxf4 Ne5 25.Ned4 Nfd7 26.Be2 Ng6 27.Qg3 Nde5 28.h4 Nc4 29.Bxc4 Rxc4
30.h5 Ne5 31.Nxg7 Bxg7 32.Nf5 Ng6 33.hxg6 hxg6 34.Nxg7 Rxc2 35.Nxe8 Rxb2
36.Nf6+ Kf8 37.Qc3  1-0

[Event "2nd Hyderabad GM Open 2013"]
[Site "Hyderabad IND"]
[Date "2013.12.02"]
[Round "10.13"]
[White "Ziatdinov,R"]
[Black "Neverov,V"]
[Result "0-1"]
[WhiteElo "2357"]
[BlackElo "2508"]

1.e4 c5 2.Nf3 e6 3.d4 cxd4 4.Nxd4 a6 5.Nc3 b5 6.Be2 Bb7 7.a3 d6 8.O-O Nf6
9.Re1 Nbd7 10.Bf1 Be7 11.Qf3 O-O 12.Qg3 Rc8 13.Bh6  0-1

[Event "XXVII Belgrade Trophy"]
[Site "Obrenovac SRB"]
[Date "2013.12.02"]
[Round "9.20"]
[White "Djokic,Neb"]
[Black "Andrijevic,M"]
[Result "0-1"]
[WhiteElo "2200"]
[BlackElo "2342"]

1.e4 c5 2.Nf3 e6 3.d4 cxd4 4.Nxd4 a6 5.Nc3 Qc7 6.Bd3 Nf6 7.O-O Bc5 8.Nb3 Be7
9.f4 d6 10.a4 b6 11.Be3 Nbd7 12.g4 h6 13.Qf3 g5 14.Bd4 gxf4 15.Qxf4 Bb7 16.a5 e5
17.Bxb6 Qxb6+ 18.axb6 exf4 19.Na5 Rb8 20.Nxb7 Rxb7 21.Rxa6 Rxb6 22.Ra8+ Rb8
23.Rxb8+ Nxb8 24.Rxf4 Rg8 25.h3 h5 26.Nd5 Nxd5 27.exd5 hxg4 28.hxg4 Nd7 29.Bf5 Ne5
30.Ra4 Kf8 31.Kf2 Kg7 32.Ke3 Rb8 33.b3 Bd8 34.Kd4 Rb5 35.b4 Bb6+ 36.Ke4 Nc4
37.c3 Nd2+ 38.Kd3 Rxd5+ 39.Kc2 Nc4 40.Kb3 Ne3 41.Bd7 Rd3 42.Bb5 Rd1 43.Ra6 Bd8
44.Be2 Rb1+ 45.Ka2 Rc1 46.Bb5 d5 47.Rd6 Bf6 48.Kb3 Rb1+ 49.Ka2 Rc1 50.Rc6 Rxc3
51.Rxc3 Bxc3 52.Kb3 Be1 53.Be2 Kf6 54.b5  0-1

[Event "XXVII Belgrade Trophy"]
[Site "Obrenovac SRB"]
[Date "2013.12.02"]
[Round "9.27"]
[White "Zivkovic,Sava"]
[Black "Zarkovic,M"]
[Result "1-0"]
[WhiteElo "2334"]
[BlackElo "2082"]

1.e4 c5 2.Nf3 e6 3.d4 cxd4 4.Nxd4 a6 5.Nc3 d6 6.g3 Nf6 7.Bg2 Be7 8.O-O O-O
9.a4 Qc7 10.f4 Nc6 11.Nb3 b6 12.g4 Bb7 13.g5 Nd7 14.Qh5 g6 15.Qh6 Rfe8 16.Rf3 Bf8
17.Qh4 Bg7 18.Rh3 Nb4 19.Qxh7+ Kf8 20.Bd2 Nxc2 21.Rf1 Qc4 22.f5 exf5 23.exf5 Bxg2
24.Kxg2 Bxc3 25.Rxc3 Re2+ 26.Kg1 Qe4 27.Qh8+ Ke7 28.f6+ Ke6 29.Qh3+ Kd5 30.Rf4 Re1+
31.Bxe1 Qxf4  1-0

[Event "ch-IRI 2013"]
[Site "Tabriz IRI"]
[Date "2013.12.02"]
[Round "8.7"]
[White "Khodashenas,M"]
[Black "Asgarizadeh,A"]
[Result "1-0"]
[WhiteElo "2182"]
[BlackElo "2267"]

1.e4 c5 2.Nf3 e6 3.d4 cxd4 4.Nxd4 a6 5.Nc3 Qc7 6.f4 b5 7.Bd3 Bb7 8.Qe2 Nc6
9.Nb3 Nf6 10.O-O d6 11.Bd2 Be7 12.Rae1 O-O 13.a4 b4 14.Nd1 d5 15.e5 Ne4 16.Be3 Na5
17.Nxa5 Qxa5 18.b3 g6 19.Nf2 Rfc8 20.Ng4 Qd8 21.Bxe4 dxe4 22.Rd1 Bd5 23.Bd4 Qf8
24.Rd2 a5 25.Qe3 Ra6 26.Qg3 Rac6 27.Ne3 Rc3 28.Re1 Qh6 29.Nxd5 Bh4 30.Qg4 Bxe1
31.Bxc3 Bxd2 32.Bxd2 Rxc2 33.Nf6+ Kh8 34.Qd1 Rc8 35.Nxe4 Qh4 36.Nd6 Rc7 37.Qf3 h5
38.h3 Qd8 39.Kh2 Kg7 40.Qd3 Qa8 41.Qe3 Rc2 42.f5 Qd5 43.Qh6+ Kg8 44.fxg6 Qxe5+
45.Bf4 Rxg2+ 46.Kxg2 Qe2+ 47.Kg3 Qe1+ 48.Kf3 Qf1+ 49.Ke4 Qh1+ 50.Kd4 Qd5+
51.Ke3 Qxb3+ 52.Kf2 Qb2+ 53.Kg3 Qc3+ 54.Kh4  1-0

[Event "Moscow Cup Final 2013"]
[Site "Moscow RUS"]
[Date "2013.12.03"]
[Round "4.1"]
[White "Granovskiy,A"]
[Black "Dvalishvili,P"]
[Result "0-1"]
[WhiteElo "2288"]
[BlackElo "2424"]

1.e4 c5 2.Nf3 e6 3.d4 cxd4 4.Nxd4 a6 5.Nc3 b5 6.Bd3 Bb7 7.O-O Ne7 8.Be3 Nbc6
9.Nb3 Ng6 10.f4 Be7 11.Qe2 Nb4 12.Qf2 O-O 13.Bb6 Qb8 14.Na5 f5 15.e5 d6 16.Nxb7 Nxd3
17.cxd3 Qxb7 18.exd6 Bxd6 19.Bc5 Rfd8 20.Bxd6 Rxd6 21.Qe3 Qd7 22.Rad1 Re8
23.d4 Rd8 24.Rf2 b4 25.Ne2 Qa4 26.Qb3 Qxb3 27.axb3 Rc6 28.Nc1 Ne7 29.g3 Nd5
30.Re2 Nc7 31.Red2 h6 32.Ne2 Nd5 33.Rc1 Rdc8 34.Rxc6 Rxc6 35.Kf2 Kf7 36.Ng1 Rc1
37.Nf3 Ke7 38.Ke2 Kd6 39.Ne5 Nf6 40.Nc4+ Ke7 41.Rd1 Rxd1 42.Kxd1 Ng4 43.Ne5 Nxh2
44.Ke2 Kd6 45.Nd3 a5 46.Nc5 Kd5 47.Nb7 Kxd4 48.Nxa5 g5 49.Nc6+ Kc5 50.Nd8 Kd5
51.Nf7 gxf4 52.gxf4 Ng4 53.Kf3 e5 54.Nh8 e4+ 55.Ke2 Ke6 56.Ng6 Nf6 57.Kf2 Nd5
58.Kg3 Ne3 59.Ne5 Kd5 60.Nf7 Ng4 61.Kg2 h5  0-1

[Event "34th El Corte Ingles"]
[Site "Las Palmas ESP"]
[Date "2013.12.04"]
[Round "3.3"]
[White "Ramirez Medina,Victor"]
[Black "Barlov,D"]
[Result "0-1"]
[WhiteElo "2011"]
[BlackElo "2436"]

1.e4 c5 2.Nf3 e6 3.d4 cxd4 4.Nxd4 a6 5.Nc3 Qc7 6.Be2 Nf6 7.O-O Nc6 8.Be3 Be7
9.f4 d6 10.Kh1 O-O 11.a4 Bd7 12.Nb3 b6 13.Bf3 Rab8 14.g4 Bc8 15.g5 Nd7 16.Bg2 Re8
17.Rf3 b5 18.axb5 axb5 19.Rh3 b4 20.Ne2 Bf8 21.Ned4 g6 22.Nxc6 Qxc6 23.Qd2 Qc7
24.Qf2 Bg7 25.Ra7 Rb7 26.Ra2 Nf8 27.Rf3 Bd7 28.Qd2 Rd8 29.Rf1 Bb5 30.Rd1 Bc4
31.e5 d5 32.Ra4 Bxb3 33.cxb3 Nd7 34.Rxb4 Rxb4 35.Qxb4 Rb8 36.Qa4 Nc5 37.Bxc5 Qxc5
38.h3 Bf8 39.Qd4 Qxd4 40.Rxd4 Rxb3 41.Rd2 Rb4 42.Rf2 Bc5 43.Rf3 Rxb2 44.Kh2 h6
45.Rc3 Bf8 46.h4 h5 47.Kg3 Bb4 48.Rd3 Kg7 49.Kh3 Bd2 50.Kg3 Bxf4+  0-1

[Event "34th El Corte Ingles"]
[Site "Las Palmas ESP"]
[Date "2013.12.06"]
[Round "5.14"]
[White "Ramirez Medina,Victor"]
[Black "Guerrero Orihuela,Jose Luis"]
[Result "1-0"]
[WhiteElo "2011"]
[BlackElo "1603"]

1.e4 c5 2.Nf3 e6 3.d4 cxd4 4.Nxd4 a6 5.Nc3 b5 6.Be2 d6 7.O-O Nf6 8.Bf3 e5
9.Nf5 g6 10.Ne3 Nc6 11.Ncd5 Nd4 12.c3 Nxf3+ 13.Qxf3 Nxd5 14.Nxd5 Bg7 15.Be3 Rb8
16.Rfd1 O-O 17.Rd2 Rb7 18.Rad1 Kh8 19.Qg3 Re8 20.f3 Be6 21.Nb4 Rd7 22.Nxa6 Bf6
23.Qf2 h5 24.Bb6 Qe7 25.Nb4 Bh4 26.g3 Bf6 27.Nd5 Bxd5 28.Rxd5 h4 29.g4 Bg5
30.Rxb5 f5 31.Rbd5 fxg4 32.fxg4 Rf8 33.Qe2 Rf4 34.Be3 Rxg4+ 35.Qxg4 Bxe3+
36.Kh1 g5 37.Qf5 Bf4 38.Qg6 Rb7 39.Rxd6  1-0

[Event "IV JAHV McGregor 2013"]
[Site "Bogota COL"]
[Date "2013.12.07"]
[Round "6.48"]
[White "Pardo,Ja"]
[Black "Alarcon Casellas,Rol"]
[Result "0-1"]
[WhiteElo "1947"]
[BlackElo "2438"]

1.e4 c5 2.Nf3 e6 3.d4 cxd4 4.Nxd4 a6 5.Nc3 Nc6 6.Be3 Nf6 7.Bd3 Qc7 8.O-O Ne5
9.h3 d6 10.f4 Nc4 11.Bxc4 Qxc4 12.Qd3 Qxd3 13.cxd3 Be7 14.Rf3 Nd7 15.Nde2 b5
16.b4 Bb7 17.a3 O-O 18.g4 Rfc8 19.Rc1 h6 20.Rff1 g5 21.Ng3 gxf4 22.Bxf4 Ne5
23.Bxe5 dxe5 24.Nge2 Bg5 25.Rcd1 Rc7 26.a4 Rac8 27.axb5 Rxc3 28.Nxc3 Rxc3
29.bxa6 Bxa6 30.Rf3 Rb3 31.Ra1 Bb7 32.Raf1 Bf4 33.d4 Rxf3 34.Rxf3 Bxe4  0-1

[Event "6th Kolkata Open"]
[Site "Kolkata IND"]
[Date "2013.12.07"]
[Round "2.17"]
[White "Gevorgyan,M"]
[Black "Karthikeyan,M2"]
[Result "1/2-1/2"]
[WhiteElo "2177"]
[BlackElo "2431"]

1.e4 c5 2.Nc3 e6 3.Nf3 a6 4.d4 cxd4 5.Nxd4 Qc7 6.g3 Nc6 7.Bg2 Nf6 8.O-O Be7
9.Be3 d6 10.Na4 Ne5 11.b3 b5 12.Nb2 Bb7 13.f3 d5 14.exd5 Nxd5 15.Bf2 Rd8
16.f4 Nc3 17.Qh5 Bxg2 18.Kxg2 Qb7+ 19.Kg1 Ng6 20.f5 exf5 21.Nxf5 O-O 22.Nxe7+ Nxe7
23.Rae1 Ng6 24.Nd3 Nxa2 25.Bc5 Rfe8 26.Rxe8+ Rxe8 27.Bd4 Qc6 28.Qf5 f6 29.Nc5 Re2
30.Qf3 Qxf3 31.Rxf3 Rxc2 32.Nxa6 Nc1 33.Bc5 Ne5 34.Re3 g5 35.h3 h5 36.Bd6 Nf7
37.Be7 Kg7 38.Nb4 Rd2 39.Rf3 Ne2+ 40.Kf1 f5 41.Ke1 Nd4 42.Kxd2 Nxf3+ 43.Ke3 N3e5
44.Nd5 Nc6 45.Bc5 Nfe5 46.Nc7 b4 47.Nd5 Kf7 48.Nxb4 Na5 49.Nd3 Nxd3 50.Kxd3 Nxb3
51.Bb6 Kg6 52.Kc2 Na1+ 53.Kb2 f4  1/2-1/2

[Event "34th El Corte Ingles"]
[Site "Las Palmas ESP"]
[Date "2013.12.07"]
[Round "7.15"]
[White "Martinez Molina,J"]
[Black "Guerrero Orihuela,Jose Luis"]
[Result "0-1"]
[WhiteElo "1861"]
[BlackElo "1603"]

1.e4 c5 2.Nf3 e6 3.d4 cxd4 4.Nxd4 a6 5.Nc3 b5 6.a3 Bb7 7.Nde2 Qc7 8.Bf4 d6
9.Qd2 Nf6 10.Ng3 Nbd7 11.Be2 Be7 12.O-O O-O 13.Rfd1 Ne5 14.f3 Rfd8 15.Kh1 Rac8
16.Rac1 d5 17.Qd4 Bd6 18.exd5 Nxd5 19.Nxd5 Bxd5 20.Nf5 exf5 21.Qxd5 Qe7 22.Qb3 Qh4
23.g3 Qf6 24.a4 g5 25.Bd2 Nc4 26.axb5 axb5 27.Bxc4 bxc4 28.Qb5 Be5 29.c3 f4
30.Kg2 fxg3 31.hxg3 Rd3 32.Qb7 Rcd8 33.Rc2 Qf5 34.g4 Qf6 35.Qe4 Bf4 36.Bxf4 Rxd1
37.Be5 Qh6 38.Bd4 Qh1+ 39.Kg3 Qe1+ 40.Qxe1 Rxe1 41.Kf2 Rd1 42.Re2 R1xd4 43.cxd4 Rxd4
44.Ke3 Rf4 45.Kf2 Kg7 46.Re4 Rxe4 47.fxe4 Kf6 48.Ke2 Ke5 49.Kd2 Kxe4 50.Kc3 Kd5
51.Kb4 Kd4 52.Kb5 c3 53.bxc3+ Kxc3 54.Kc5 Kd3 55.Kd5 Ke3  0-1

[Event "ch-Arab Open 2013"]
[Site "Abu Dhabi UAE"]
[Date "2013.12.08"]
[Round "1.2"]
[White "Al Modiahki,M"]
[Black "Faisal,Ab"]
[Result "1-0"]
[WhiteElo "2571"]
[BlackElo "2247"]

1.e4 c5 2.Nf3 e6 3.d4 cxd4 4.Nxd4 a6 5.Nc3 Qc7 6.g3 Nf6 7.Bg2 Bb4 8.O-O d6
9.Na4 e5 10.Nf5 Bxf5 11.exf5 Nbd7 12.a3 Ba5 13.b4 Bb6 14.Nxb6 Nxb6 15.Bg5 h6
16.Bxf6 gxf6 17.c4 O-O 18.Rc1 Kh7 19.c5 dxc5 20.bxc5 Na4 21.Qd5 Ra7 22.Rfd1 Kg7
23.Qf3 Rd8  1-0

[Event "IV JAHV McGregor 2013"]
[Site "Bogota COL"]
[Date "2013.12.08"]
[Round "9.106"]
[White "Fraile Vela,Maria Isabel"]
[Black "Rodriguez,G"]
[Result "0-1"]
[WhiteElo "1730"]
[BlackElo "1970"]

1.e4 c5 2.Nf3 e6 3.d4 cxd4 4.Nxd4 a6 5.Nc3 Qc7 6.Qd3 Nf6 7.Bg5 b5 8.O-O-O Bb7
9.f3 d6 10.g4 Nbd7 11.Nb3 Be7 12.Bg2 Nc5 13.Nxc5 dxc5 14.e5 Nd5 15.Bxe7 Qxe7
16.Nxd5 Bxd5 17.Kb1 O-O 18.h4 c4 19.Qe2 Qb4 20.c3 Qc5 21.f4 Bxg2 22.Qxg2 b4
23.Qf3 Rab8 24.Rd2 a5 25.h5 a4 26.g5 a3 27.g6 fxg6 28.hxg6 h6 29.Rdh2 b3
30.Qg3 bxa2+ 31.Kxa2 axb2 32.Rxb2 Qa5+  0-1

[Event "TCh-CZE Vychod 2013-14"]
[Site "Czech Rep CZE"]
[Date "2013.12.08"]
[Round "4.8"]
[White "Kozel,Ji"]
[Black "Navratil,F"]
[Result "1-0"]
[WhiteElo "2014"]
[BlackElo "2168"]

1.e4 c5 2.Nf3 e6 3.d4 cxd4 4.Nxd4 a6 5.Nc3 b5 6.Bd3 Bb7 7.O-O d6 8.a4 b4
9.Na2 d5 10.Qe1 Qb6 11.Nb3 dxe4 12.Bxe4 Nf6 13.Be3 Qc7 14.Bxb7 Qxb7 15.Bc5 Nc6
16.Bxf8 Kxf8 17.Rd1 Ke7 18.Nd4 Nxd4 19.Rxd4 a5 20.Qe5 Rhc8 21.c3 bxc3 22.Nxc3 Qxb2
23.Nb5 Qc2 24.Qd6+ Ke8 25.Rfd1 Qc5 26.h3 Rc6 27.Qg3 e5 28.R4d3 Kf8 29.Rc3 Qb6
30.Qxe5 Re8 31.Rxc6 Qxc6 32.Qb2 Ne4 33.Qa2 g6 34.Qb2 Kg8 35.Rc1 Qb6 36.Re1 h5
37.Qc2 Nf6 38.Rxe8+ Nxe8 39.Qc8 Kf8 40.g3 Ke7 41.Qc3 Kf8 42.Qh8+ Ke7 43.Qe5+ Kf8
44.Nc3 f6 45.Qd5 Qb4 46.Qc6 h4 47.gxh4 Qxh4 48.Qc5+ Kf7 49.Qd5+ Kf8 50.Qxa5 Qxh3
51.Qc5+ Kf7 52.a5 Qg4+ 53.Kf1 Qh3+ 54.Ke2 Qh5+ 55.Qxh5 gxh5 56.Nb5  1-0

[Event "5th Penang Open 2013"]
[Site "George Town MAS"]
[Date "2013.12.10"]
[Round "2.41"]
[White "Lieu,Chin Yung"]
[Black "Lee,Jun Wei"]
[Result "1/2-1/2"]
[WhiteElo "1834"]
[BlackElo "1639"]

1.e4 c5 2.Nf3 e6 3.d4 cxd4 4.Nxd4 a6 5.Nc3 Qc7 6.Bd3 Nf6 7.O-O Bc5 8.Nb3 Ba7
9.Bg5 h5 10.Bxf6 gxf6 11.Qf3 Rh6 12.Rfe1 Kf8 13.Qg3 Qxg3 14.hxg3 Nc6 15.Nd1 d6
16.Ne3 Ke7 17.a4 Bd7 18.Nd2 Rg8 19.Nf3 Nb4 20.a5 Rc8 21.Rec1 Rg6 22.e5 Rxg3
23.exd6+ Kxd6 24.Nf1 Rgg8 25.Be4 Bc6 26.Rd1+ Ke7 27.Bxc6 Rxc6 28.c3 Nd5 29.Rd2 Rc7
30.Ra4 Rg4 31.Nd4 Bxd4 32.Rdxd4 Rxd4 33.Rxd4 Rc5 34.Ra4 Nc7 35.Ng3 Nb5  1/2-1/2

[Event "6th Kolkata Open"]
[Site "Kolkata IND"]
[Date "2013.12.10"]
[Round "6.11"]
[White "Baghdasaryan,V"]
[Black "Hayrapetyan,Ho"]
[Result "1-0"]
[WhiteElo "2395"]
[BlackElo "2458"]

1.e4 c5 2.Nf3 e6 3.d4 cxd4 4.Nxd4 a6 5.Nc3 Qc7 6.Be2 Nf6 7.a3 b5 8.f4 b4
9.axb4 Bxb4 10.Ra4 Bxc3+ 11.bxc3 Nxe4 12.Rc4 Qd8 13.Bf3 d5 14.Bxe4 dxe4 15.Ba3 g6
16.O-O f5 17.Bd6 a5 18.Nb5 Qb6+ 19.Kh1 Kf7 20.Rc7+ Bd7 21.c4 Rc8 22.Bc5 Qxc7
23.Nxc7 Rxc7 24.Qd6 Rxc5 25.Qxc5 Nc6 26.Rd1 Be8 27.Rd6 Rc8 28.Qb6 a4 29.Qa6 e3
30.Qxc8 e2 31.Qxe6+  1-0

[Event "5th Penang Open 2013"]
[Site "George Town MAS"]
[Date "2013.12.11"]
[Round "5.1"]
[White "Nolte,R"]
[Black "Fominyh,A"]
[Result "1/2-1/2"]
[WhiteElo "2425"]
[BlackElo "2444"]

1.e4 c5 2.Nf3 e6 3.d4 cxd4 4.Nxd4 a6 5.Nc3 b5 6.Bd3 Qb6 7.Nf3 Nc6 8.O-O Be7
9.a4 b4 10.Nb1 Qc7 11.Nbd2 Nf6 12.Nc4 d5 13.exd5 exd5 14.Ne3 g6 15.b3 O-O
16.Bb2 Rd8 17.Re1 Nh5 18.Bf1 d4 19.Nc4 Bf6 20.Nfd2 a5 21.Ne4 Bg7 22.g3 Be6
23.Ned2 Nf6 24.Qf3 Bg4 25.Qg2 Nd5 26.Bd3 Nc3 27.Ne4 Nd5 28.h3 Bf5 29.Nc5 Bxd3
30.Nxd3 Rac8 31.Bc1 h6 32.Qf3 Nce7 33.Bd2 Nf5 34.Rac1 Ra8 35.h4 Ra6 36.Qg2 Rc6
37.Nf4 Nfe7 38.Qe4 Rxc4 39.bxc4 Qxc4 40.h5 g5 41.Nxd5 Nxd5  1/2-1/2

[Event "Pavlodar Open 2013"]
[Site "Pavlodar KAZ"]
[Date "2013.12.11"]
[Round "3.15"]
[White "Serikbay,Chingiz"]
[Black "Gnusarev,P"]
[Result "0-1"]
[WhiteElo "2037"]
[BlackElo "2369"]

1.e4 c5 2.Nf3 e6 3.d4 cxd4 4.Nxd4 a6 5.Nc3 b5 6.Bd3 Qb6 7.Be3 Bc5 8.Nce2 Nf6
9.Qd2 Nc6 10.c3 Ne5 11.b4 Bf8 12.O-O Qb7 13.f3 Be7 14.a4 bxa4 15.Rxa4 d5
16.exd5 Nxd5 17.Rfa1 Nxd3 18.Qxd3 Nxe3 19.Qxe3 O-O 20.Qe4 Qxe4 21.fxe4 Bb7
22.Kf2 Rac8 23.Ra5 Rfd8 24.Ke3 Rd7 25.g3 Bd8 26.Rc5 Ra8 27.Kf3 Bb6 28.Re5 Bc7
29.Rc5 e5 30.Nf5 g6 31.Ne3 f5 32.Nd5 fxe4+ 33.Kxe4 Bb6 34.c4 Bxc5 35.bxc5 Rc8
36.Ra5 Rdc7 37.c6 Bxc6 38.Rxa6 Bb7 39.Rb6 Rxc4+ 40.Kxe5 Re8+ 41.Kd6 Rd8+
42.Ke7 Rxd5 43.Rxb7 Re4+ 44.Kf6  0-1

[Event "5th Penang Open 2013"]
[Site "George Town MAS"]
[Date "2013.12.12"]
[Round "6.49"]
[White "Greenwood,Martin C"]
[Black "Kong Jian Yuan,Stephen"]
[Result "0-1"]
[WhiteElo "1599"]
[BlackElo "1726"]

1.e4 c5 2.Nf3 e6 3.d4 cxd4 4.Nxd4 a6 5.Nc3 Qc7 6.Bd3 Nf6 7.Be3 Be7 8.Nf3 d6
9.O-O Nbd7 10.Nd2 O-O 11.f4 b6 12.Be2 Bb7 13.Bf3 Rad8 14.Qe2 Rfe8 15.Qf2 Bc6
16.g4 h6 17.g5 hxg5 18.fxg5 Nh7 19.Bh5 Rf8 20.Bxf7+ Kh8 21.g6 Bf6 22.Qg3 Rxf7
23.Qh3 Nf8 24.gxf7 Rd7 25.Nf3 Rxf7 26.Bg5 Bxc3 27.bxc3 Bxe4 28.Nd4 Kg8 29.Rxf7 Qxf7
30.Rf1 Qg6 31.Nf3 Nxg5 32.Nxg5 Qxg5+ 33.Kf2 Qd2+ 34.Kg1 Qxc2  0-1

[Event "25th Carlos Torre Open"]
[Site "Merida MEX"]
[Date "2013.12.13"]
[Round "1.8"]
[White "Lopez Raygoza,Luis Albert"]
[Black "Otero Acosta,D"]
[Result "0-1"]
[WhiteElo "2044"]
[BlackElo "2527"]

1.e4 c5 2.Nf3 e6 3.d4 cxd4 4.Nxd4 a6 5.Nc3 b5 6.a3 Bb7 7.Bd3 Bc5 8.Nb3 Bb6
9.Qg4 Nf6 10.Qg3 Nc6 11.Be3 Bxe3 12.Qxe3 d6 13.O-O-O O-O 14.f4 Qc7 15.Rhe1 b4
16.axb4 Nxb4 17.Rd2 Rfc8 18.g4 a5 19.Nd4 a4 20.Ndb5 Qa5 21.Qd4 d5 22.e5 Nd7
23.Kb1 Ba6 24.Na3 Bxd3 25.cxd3 Rab8 26.Rc1 Nf6  0-1

[Event "ch-Arab Open 2013"]
[Site "Abu Dhabi UAE"]
[Date "2013.12.14"]
[Round "8.9"]
[White "Al Hageri,B"]
[Black "Ahmed,Abdu"]
[Result "1-0"]
[WhiteElo "2071"]
[BlackElo "2242"]

1.e4 c5 2.Nf3 e6 3.d4 cxd4 4.Nxd4 a6 5.Nc3 Qc7 6.Bd3 Nf6 7.O-O Nc6 8.Be3 Ne5
9.h3 Bc5 10.Kh1 d6 11.f4 Ng6 12.Qe1 Bd7 13.f5 Ne5 14.Qg3 O-O 15.Be2 Kh8 16.Rad1 Qb6
17.fxe6 fxe6 18.Na4 Nxe4 19.Rxf8+ Rxf8 20.Qh4 Nf2+ 21.Qxf2 Rxf2 22.Nxb6 Rxe2
23.Nxe2 Bxe3 24.Nxd7 Nxd7 25.Rxd6 Nf8 26.Nd4 Bg5 27.Nxe6  1-0

[Event "Bundesliga 2013-14"]
[Site "Berlin GER"]
[Date "2013.12.14"]
[Round "5"]
[White "Fruebing,S"]
[Black "Wegerle,J"]
[Result "1/2-1/2"]
[WhiteElo "2372"]
[BlackElo "2438"]

1.e4 c5 2.Nf3 e6 3.d4 cxd4 4.Nxd4 a6 5.Nc3 Qc7 6.Be2 Nf6 7.O-O Nc6 8.Be3 Bb4
9.Na4 Be7 10.Nxc6 bxc6 11.Nb6 Rb8 12.Nxc8 Qxc8 13.Bd4 c5 14.Be5 Rb6 15.Qd3 O-O
16.b3 d5 17.exd5 Nxd5 18.Rfd1 Bf6 19.Bxf6 Nxf6 20.Qc4 Qc7 21.Bf3 a5 22.Qc3 Rbb8
23.Rd4 Rfc8 24.Rc4 Rb4 25.Rd1 Rxc4 26.Qxc4 Kf8 27.g3 Ke7 28.Rd3 h6 29.Rc3 Qe5
30.Kg2 g5 31.Rd3 Qc7 32.h3 Nd7 33.Re3 Nf6 34.Rd3 Nd7 35.Re3 Nf6 36.Rd3  1/2-1/2

[Event "5th London Classic Women's Inv"]
[Site "London ENG"]
[Date "2013.12.15"]
[Round "10.1"]
[White "Bulmaga,I"]
[Black "Ciuksyte,D"]
[Result "1/2-1/2"]
[WhiteElo "2396"]
[BlackElo "2345"]

1.e4 c5 2.Nf3 e6 3.d4 cxd4 4.Nxd4 a6 5.Nc3 Qc7 6.Bd3 Nc6 7.Nxc6 bxc6 8.O-O Nf6
9.Qe2 Bd6 10.f4 e5 11.f5 Rb8 12.Kh1 a5 13.b3 Bc5 14.Na4 Be7 15.c4 d6 16.c5 d5
17.Bb2 dxe4 18.Bxe4 O-O 19.Bd3 Nd7 20.f6 Bxf6 21.Rxf6 Nxf6 22.Bxe5 Qd8 23.Bxb8 Bg4
24.Bxh7+ Nxh7 25.Qxg4 Qxb8 26.Rf1 Rd8 27.h3 Qe5 28.Qf4 Qe7 29.Qf2 Nf6 30.Re1 Ne4
31.Qe3 f5 32.Nc3 Re8 33.Nxe4 fxe4 34.Rd1 Rf8 35.Kg1 Qe5 36.Rd4 Re8 37.b4 axb4
38.Rxb4 Qa1+ 39.Kh2 Qe5+ 40.Kg1 Qa1+ 41.Kh2 Qe5+ 42.Kg1 Qa1+  1/2-1/2